| 000 | 00757nam 22002533 4500 | ||
|---|---|---|---|
| 001 | 5934 | ||
| 010 | _a972430213X | ||
| 021 | _b62128/92 | ||
| 090 | _a5934 | ||
| 100 | _a20211231d1993 u||y0pory50 ba | ||
| 200 |
_aO gato das botas _gil. Agustí Asensio ; trad. Ana Paula Cruz ; adapt. Maria Alberta Menéres |
||
| 210 |
_aPorto _cEdinter _d1993 |
||
| 215 |
_a[24] p. _cil. |
||
| 225 |
_aContos de Sempre _v19 |
||
| 606 |
_914 _aLiteratura infantil |
||
| 606 |
_913 _aLiteratura Estrangeira |
||
| 675 |
_a82-93 _vBN _zpor |
||
| 675 |
_a821.1/8.8 _vBN _zpor |
||
| 702 |
_93331 _aAsensio _bAgusti |
||
| 702 |
_95621 _aCruz _bAna Paula |
||
| 702 |
_91075 _aMenéres _bMaria Alberta _f1930-2019 |
||
| 801 |
_aPT _bBMVN _gRPC |
||
| 830 |
_cTânia Croca _d31/12/2021 |
||
| 990 | _cLIVROS | ||